|
|
|
|
| LEADER |
00000nam0a2200000 4500 |
| 001 |
254698 |
| 005 |
20231101232947.0 |
| 010 |
|
|
|a 5211013875
|
| 020 |
|
|
|a RU
|b 89-46087
|
| 035 |
|
|
|a (RuTPU)RU\TPU\book\277186
|
| 090 |
|
|
|a 254698
|
| 100 |
|
|
|a 20140324d1989 k y0rusy5003 ca
|
| 101 |
0 |
|
|a rus
|
| 102 |
|
|
|a RU
|
| 105 |
|
|
|a a z 001zy
|
| 200 |
1 |
|
|a Одномерные двухфазные течения
|e (Иерархия описаний)
|f Л. Н. Маурин
|
| 210 |
|
|
|a Москва
|c Изд-во МГУ
|d 1989
|
| 215 |
|
|
|a 83 с.
|c ил.
|
| 225 |
1 |
|
|a Физика
|
| 320 |
|
|
|a Библиогр.: с. 77-81 (75 назв.).
|
| 606 |
1 |
|
|a Жидкости
|x Истечение
|2 stltpush
|3 (RuTPU)RU\TPU\subj\10889
|9 37898
|
| 610 |
1 |
|
|a газожидкостные смеси
|
| 610 |
1 |
|
|a движение по трубам
|
| 610 |
1 |
|
|a одномерные движения
|
| 610 |
1 |
|
|a двухфазные течения
|
| 675 |
|
|
|a 532.52
|z rus
|v 3
|
| 700 |
|
1 |
|a Маурин
|b Л. Н.
|g Лев Николаевич
|
| 801 |
|
0 |
|a RU
|b RuMRKP
|c 19950417
|g psbo
|
| 801 |
|
1 |
|a RU
|b 63413507
|c 20140324
|
| 801 |
|
2 |
|a RU
|b 63413507
|c 20140714
|g RCR
|
| 942 |
|
|
|c BK
|